000 00499nam a22001817a 4500
003 OSt
005 20140310181753.0
008 130628t xxu||||| |||| 00| 0 eng d
050 _aDS 686.614
_b.C395
082 _aFIL 351.0076
_bCe 19
245 _aThe Centenial presidency :
_bfaith, vision, presidency /
260 _aManila :
_bMalacaang,
_cc1998.
300 _a74 p. ;
_bill. col. ;
_c31 cm.
521 _aBasic Ed. Students
541 _g2303
_j1
562 _e1
942 _2lcc
_cBK-FIL
_kFIL
999 _c3325
_d3325